Online
Catalog

Técnicas en los convenios comerciales para países en desarrollo / (Record no. 25930)

MARC details
000 -CABECERA
campo de control de longitud fija 00902nam a2200229 a 4500
001 - NÚMERO DE CONTROL
campo de control 000026438
005 - FECHA Y HORA DE LA ÚLTIMA TRANSACCIÓN
campo de control 20200930030225.0
008 - DATOS DE LONGITUD FIJA--INFORMACIÓN GENERAL
campo de control de longitud fija 110317s1971 mx r 000 0 spa d
040 ## - FUENTE DE LA CATALOGACIÓN
Centro catalogador/agencia de origen DO-SdBNP
Lengua de catalogación spa
Centro/agencia transcriptor BNPHU
041 17 - CÓDIGO DE LENGUA
Código de lengua del texto/banda sonora o título independiente spa
Código de lengua original eng
Fuente del código Código de idioma MARC
082 ## - NÚMERO DE LA CLASIFICACIÓN DECIMAL DEWEY
Número de clasificación xxx
Número de documento/Ítem V478t
049 ## - FONDOS LOCALES (OCLC)
Fondos de biblioteca BNGR
100 1# - ENTRADA PRINCIPAL--NOMBRE DE PERSONA
Nombre de persona Verbit, Gilbert P.
9 (RLIN) 53489
240 10 - TÍTULO UNIFORME
Título uniforme Trade agreements for developing countries.
Lenguaje de la obra Inglés:
245 10 - MENCIÓN DE TÍTULO
Título Técnicas en los convenios comerciales para países en desarrollo /
Mención de responsabilidad, etc. Gilbert P. Verbit ; traducción de Martín Esteve.
260 ## - PUBLICACIÓN, DISTRIBUCIÓN, ETC.
Lugar de publicación, distribución, etc. México, D. F. :
Nombre del editor, distribuidor, etc. Limusa Wiley,
Fecha de publicación, distribución, etc. 1971.
300 ## - DESCRIPCIÓN FÍSICA
Extensión 255, [1] p. ;
Dimensiones 22 cm.
500 ## - NOTA GENERAL
Nota general Incluye datos del autor en la solapa
504 ## - NOTA DE BIBLIOGRAFÍA, ETC.
Nota de bibliografía, etc. Incluye referencias bibliográficas y notas al pie de las páginas
534 ## - NOTA SOBRE LA VERSIÓN ORIGINAL
Encabezamiento principal del original Título original en Inglés:
Mención de edición del original Trade agreements for developing countries.
700 1# - PUNTO DE ACCESO ADICIONAL--NOMBRE DE PERSONA
Nombre de persona Esteve, Martín
Término indicativo de función/relación tr.
9 (RLIN) 49101

No items available.

Powered by Koha